000 00714nam a2200229Ii 4500
003 JO-AjNU
008 230605s9999||||xx |||||||||||||| ||und||
017 _a2004/6/1498
020 _a9957-11-509-X
040 _aJO-AjNU
_bara
_erda
_cJO-AjNU
041 _aara
050 1 4 _aHF1416.D8549 2010
100 3 _aالضمور، هاني حامد,
_eauthor
_957223
245 0 0 _aالتسويق الدولي
250 _aط5
264 3 1 _aعمان: دار وائل للنشر والتوزيع، 2010
300 _a431ص
_bالمراجع ص 427-431
336 _atext
_btxt
_2rdacontent
337 _aunmediated
_bn
_2rdamedia
338 _avolume
_bnc
_2rdacarrier
650 4 _aالتسويق الدولي
_957224
999 _aA25629
_c29197
_d29197